| 000 | 00901nam a22002415a 4500 | ||
|---|---|---|---|
| 003 | OSt | ||
| 005 | 20170326152711.0 | ||
| 008 | 161208s2013 ua frb 000 0 ara d | ||
| 020 | _z978979279 | ||
| 040 |
_aEG-ScBUE _bara _cEG-ScBUE |
||
| 043 | _af-ua--- | ||
| 082 | 0 | 4 |
_a344.6201 _bإ س م _222 |
| 100 | 1 | _aإسماعيل، محمد أحمد. | |
| 245 | 1 | 0 |
_aقانون العمل : _bعلاقات العمل الجماعية / _cمحمد أحمد إسماعيل. |
| 260 |
_aالقاهرة : _b[د. ن.]، _c2013. |
||
| 300 |
_a390 ص. ؛ _c24 سم. |
||
| 504 | _aيشتمل على إرجاعات ببليوجرافية. | ||
| 650 | 7 |
_aالعمل والعمال _xقوانين وتشريعات _zمصر. _2BUEsh _910938 |
|
| 650 | 7 |
_aالنقابات العمالية _xقوانين وتشريعات _zمصر. _2BUEsh |
|
| 651 | _2BUEsh | ||
| 653 |
_bLLAAWW _cDecember2016 _cMarch2017 |
||
| 942 | _2ddc | ||
| 999 |
_c23525 _d23497 |
||